000 01174nam a2200349 i 4500
003 CO-BoRNBP
005 20250306113354.0
007 ta
008 231122s2023 ck a|||br|||| 00| f|spa d
020 _a9789586657945
040 _aCO-BoRNBP
_bspa
_erda
_cCO-BoRNBP
041 0 _aspa
_heng
043 _as-us---
084 _aN HAR14
100 1 _aHarjo, Joy, 1951
_d1951-
_eautora
_959166
245 1 0 _aLoca guerrera
_bmemorias
_cJoy Harjo ; traducción de Pedro Larrea
250 _aEdición especial
264 1 _aBogotá, Colombia
_bSiglo del Hombre Editores
_c2023
300 _a155 páginas
_c24 cm
336 _atexto
_btxt
_2rdacontent
337 _asin mediación
_bn
_2rdamedia
338 _avolumen
_bnc
_2rdacarrier
500 _aIncluye biografía de la autora al finalizar el libro.
521 _aRecomendado para un público adulto
534 _tCrazy warrior
650 1 7 _aNovela estadounidense
_ySiglo XX
_2ARMARC
_92115
650 1 7 _aLiteratura estadounidense
_ySiglo XX
_2ARMARC
_91048
650 1 7 _aRelatos personales
_2ARMARC
_97711
650 1 7 _aAutobiografía
_2ARMARC
_918129
700 1 _aLarrea, Pedro
_etraductor
_959167
942 _2loc
_cBKLIT
999 _c57026
_d57026